[Event "Top 12 2021"]
[Site "Chalons en Champagne, France"]
[Date "2021.07.03"]
[Round "10.14"]
[White "Cornette, Matthieu ASN"]
[Black "Caille, Hugo VIL"]
[Result "1-0"]
[WhiteElo "2566"]
[BlackElo "2182"]

1. e4 {[%clk 01:30:54]} {[%emt 00:00:05]} c5 {[%clk 01:30:46]} {[%emt
00:00:15]} 2. Nc3 {[%clk 01:30:50]} {[%emt 00:00:34]} a6 {[%clk 01:30:24]}
{[%emt 00:00:52]} 3. g3 {[%clk 01:30:57]} {[%emt 00:00:23]} b5 {[%clk
01:30:47]} {[%emt 00:00:08]} 4. Bg2 {[%clk 01:31:22]} {[%emt 00:00:04]} Bb7
{[%clk 01:31:10]} {[%emt 00:00:07]} 5. Nh3 {[%clk 01:31:43]} {[%emt 00:00:10]}
e6 {[%clk 01:31:23]} {[%emt 00:00:16]} 6. d3 {[%clk 01:32:02]} {[%emt
00:00:11]} Be7 {[%clk 01:31:48]} {[%emt 00:00:06]} 7. O-O {[%clk 01:32:22]}
{[%emt 00:00:09]} Nc6 {[%clk 01:32:15]} {[%emt 00:00:03]} 8. f4 {[%clk
01:32:18]} {[%emt 00:00:33]} h5 {[%clk 01:32:41]} {[%emt 00:00:05]} 9. f5
{[%clk 01:20:12]} {[%emt 00:12:36]} Nf6 {[%clk 01:33:05]} {[%emt 00:00:07]} 10.
Kh1 {[%clk 01:15:41]} {[%emt 00:05:01]} Qb6 {[%clk 01:09:51]} {[%emt 00:23:43]}
11. Ng5 {[%clk 01:03:29]} {[%emt 00:12:42]} Rf8 {[%clk 00:59:26]} {[%emt
00:10:56]} 12. fxe6 {[%clk 00:57:38]} {[%emt 00:06:21]} fxe6 {[%clk 00:56:41]}
{[%emt 00:03:15]} 13. h3 {[%clk 00:54:06]} {[%emt 00:04:02]} O-O-O {[%clk
00:55:46]} {[%emt 00:01:24]} 14. Bf4 {[%clk 00:53:47]} {[%emt 00:00:50]} e5
{[%clk 00:40:34]} {[%emt 00:15:43]} 15. Be3 {[%clk 00:50:29]} {[%emt 00:03:48]}
Nd4 {[%clk 00:40:19]} {[%emt 00:00:45]} 16. a4 {[%clk 00:47:28]} {[%emt
00:03:30]} b4 {[%clk 00:33:58]} {[%emt 00:06:51]} 17. a5 {[%clk 00:46:06]}
{[%emt 00:01:52]} Qc7 {[%clk 00:29:55]} {[%emt 00:04:33]} 18. Na4 {[%clk
00:46:15]} {[%emt 00:00:21]} Kb8 {[%clk 00:25:27]} {[%emt 00:04:58]} 19. c3
{[%clk 00:45:27]} {[%emt 00:01:18]} Ne6 {[%clk 00:25:32]} {[%emt 00:00:25]} 20.
cxb4 {[%clk 00:44:08]} {[%emt 00:01:49]} Nxg5 {[%clk 00:25:06]} {[%emt
00:00:56]} 21. Bxg5 {[%clk 00:44:33]} {[%emt 00:00:05]} cxb4 {[%clk 00:25:26]}
{[%emt 00:00:11]} 22. Be3 {[%clk 00:43:28]} {[%emt 00:01:35]} Qxa5 {[%clk
00:23:32]} {[%emt 00:02:25]} 23. Bb6 {[%clk 00:36:14]} {[%emt 00:07:43]} Qb5
{[%clk 00:23:58]} {[%emt 00:00:03]} 24. Bxd8 {[%clk 00:36:41]} {[%emt
00:00:03]} Rxd8 {[%clk 00:24:24]} {[%emt 00:00:05]} 25. Qd2 {[%clk 00:35:23]}
{[%emt 00:01:48]} d5 {[%clk 00:23:15]} {[%emt 00:01:38]} 26. Qg5 {[%clk
00:35:05]} {[%emt 00:00:48]} Qxd3 {[%clk 00:18:52]} {[%emt 00:04:54]} 27. Qxg7
{[%clk 00:28:45]} {[%emt 00:06:50]} Rg8 {[%clk 00:18:32]} {[%emt 00:00:50]} 28.
Qxe7 {[%clk 00:28:28]} {[%emt 00:00:47]} Qxg3 {[%clk 00:18:54]} {[%emt
00:00:08]} 29. Qd6+ {[%clk 00:28:51]} {[%emt 00:00:06]} Ka8 {[%clk 00:19:00]}
{[%emt 00:00:25]} 30. Nb6+ {[%clk 00:29:19]} {[%emt 00:00:01]} Ka7 {[%clk
00:19:24]} {[%emt 00:00:06]} 31. Rxa6+ {[%clk 00:29:36]} {[%emt 00:00:14]} Kxa6
{[%clk 00:18:07]} {[%emt 00:01:46]} 32. Ra1+ {[%clk 00:29:59]} {[%emt
00:00:06]} Kb5 {[%clk 00:18:28]} {[%emt 00:00:10]} 33. Bf1+ {[%clk 00:30:26]}
{[%emt 00:00:04]} 1-0

[Event "Top 12 2021"]
[Site "Chalons en Champagne, France"]
[Date "2021.07.03"]
[Round "10.15"]
[White "Cantin, Loic VIL"]
[Black "Goldsztejn, Gildas ASN"]
[Result "1-0"]
[WhiteElo "2182"]
[BlackElo "2422"]

1. d4 {[%clk 01:30:57]} {[%emt 00:00:02]} f5 {[%clk 01:30:03]} {[%emt
00:00:58]} 2. Qd3 {[%clk 01:26:39]} {[%emt 00:04:48]} d5 {[%clk 01:30:22]}
{[%emt 00:00:10]} 3. g4 {[%clk 01:26:48]} {[%emt 00:00:21]} fxg4 {[%clk
01:29:36]} {[%emt 00:01:16]} 4. h3 {[%clk 01:26:58]} {[%emt 00:00:20]} Nf6
{[%clk 01:23:13]} {[%emt 00:06:54]} 5. Nc3 {[%clk 01:25:48]} {[%emt 00:01:39]}
Nc6 {[%clk 01:20:20]} {[%emt 00:03:23]} 6. hxg4 {[%clk 01:21:56]} {[%emt
00:04:22]} Bxg4 {[%clk 01:20:05]} {[%emt 00:00:46]} 7. f3 {[%clk 01:20:04]}
{[%emt 00:02:22]} Bd7 {[%clk 01:15:32]} {[%emt 00:05:03]} 8. Nxd5 {[%clk
01:04:33]} {[%emt 00:16:01]} Nxd5 {[%clk 01:00:22]} {[%emt 00:15:39]} 9. Rxh7
{[%clk 01:04:30]} {[%emt 00:00:33]} Be6 {[%clk 01:00:45]} {[%emt 00:00:07]} 10.
Rxh8 {[%clk 01:02:15]} {[%emt 00:02:44]} Ndb4 {[%clk 00:57:13]} {[%emt
00:04:03]} 11. Qg6+ {[%clk 00:54:27]} {[%emt 00:08:17]} Bf7 {[%clk 00:57:35]}
{[%emt 00:00:08]} 12. Qxg7 {[%clk 00:54:24]} {[%emt 00:00:33]} Nxc2+ {[%clk
00:57:56]} {[%emt 00:00:11]} 13. Kf2 {[%clk 00:53:59]} {[%emt 00:00:55]} Qxd4+
{[%clk 00:57:29]} {[%emt 00:00:57]} 14. Qxd4 {[%clk 00:54:23]} {[%emt
00:00:05]} N6xd4 {[%clk 00:57:55]} {[%emt 00:00:05]} 15. Bh6 {[%clk 00:54:11]}
{[%emt 00:00:42]} O-O-O {[%clk 00:58:08]} {[%emt 00:00:17]} 16. Rd1 {[%clk
00:53:15]} {[%emt 00:01:26]} Bxh6 {[%clk 00:57:49]} {[%emt 00:00:50]} 17. Rxh6
{[%clk 00:53:38]} {[%emt 00:00:06]} Bxa2 {[%clk 00:52:19]} {[%emt 00:06:00]} 18.
Bh3+ {[%clk 00:45:02]} {[%emt 00:09:05]} e6 {[%clk 00:52:37]} {[%emt 00:00:13]}
19. e3 {[%clk 00:43:17]} {[%emt 00:02:15]} Nxe3 {[%clk 00:51:17]} {[%emt
00:01:50]} 20. Rxd4 {[%clk 00:38:00]} {[%emt 00:05:47]} Rxd4 {[%clk 00:51:38]}
{[%emt 00:00:09]} 21. Kxe3 {[%clk 00:38:23]} {[%emt 00:00:07]} Rb4 {[%clk
00:44:21]} {[%emt 00:07:47]} 22. Bxe6+ {[%clk 00:29:23]} {[%emt 00:09:30]} Bxe6
{[%clk 00:44:43]} {[%emt 00:00:09]} 23. Rxe6 {[%clk 00:29:49]} {[%emt
00:00:04]} Rxb2 {[%clk 00:45:08]} {[%emt 00:00:06]} 24. f4 {[%clk 00:28:47]}
{[%emt 00:01:32]} Kd7 {[%clk 00:40:02]} {[%emt 00:05:35]} 25. f5 {[%clk
00:27:14]} {[%emt 00:02:03]} Rb6 {[%clk 00:25:06]} {[%emt 00:15:27]} 26. Re5
{[%clk 00:26:00]} {[%emt 00:01:44]} Kd6 {[%clk 00:24:52]} {[%emt 00:00:44]} 27.
Re4 {[%clk 00:24:52]} {[%emt 00:01:38]} a5 {[%clk 00:20:54]} {[%emt 00:04:28]}
28. Re8 {[%clk 00:16:03]} {[%emt 00:09:18]} Kd7 {[%clk 00:20:14]} {[%emt
00:01:11]} 29. Ra8 {[%clk 00:16:01]} {[%emt 00:00:32]} Ke7 {[%clk 00:20:12]}
{[%emt 00:00:32]} 30. Rxa5 {[%clk 00:13:36]} {[%emt 00:02:56]} Kf6 {[%clk
00:20:21]} {[%emt 00:00:21]} 31. Nf3 {[%clk 00:12:55]} {[%emt 00:01:10]} Rb3+
{[%clk 00:20:39]} {[%emt 00:00:12]} 32. Ke4 {[%clk 00:12:59]} {[%emt 00:00:26]}
b6 {[%clk 00:07:34]} {[%emt 00:13:35]} 33. Rd5 {[%clk 00:12:51]} {[%emt
00:00:37]} Rb4+ {[%clk 00:05:59]} {[%emt 00:02:07]} 34. Rd4 {[%clk 00:13:05]}
{[%emt 00:00:15]} Rb1 {[%clk 00:06:05]} {[%emt 00:00:25]} 35. Rc4 {[%clk
00:10:34]} {[%emt 00:03:01]} c5 {[%clk 00:06:22]} {[%emt 00:00:13]} 36. Kf4
{[%clk 00:10:44]} {[%emt 00:00:19]} Rd1 {[%clk 00:03:25]} {[%emt 00:03:27]} 37.
Nh2 {[%clk 00:10:21]} {[%emt 00:00:52]} Rd8 {[%clk 00:02:40]} {[%emt 00:01:16]}
38. Re4 {[%clk 00:09:05]} {[%emt 00:01:46]} b5 {[%clk 00:02:39]} {[%emt
00:00:32]} 39. Re6+ {[%clk 00:08:24]} {[%emt 00:01:10]} Kf7 {[%clk 00:03:07]}
{[%emt 00:00:02]} 40. Rb6 {[%clk 00:38:12]} {[%emt 00:00:42]} c4 {[%clk
00:31:53]} {[%emt 00:01:44]} 41. Rxb5 {[%clk 00:35:52]} {[%emt 00:02:50]} Rc8
{[%clk 00:32:07]} {[%emt 00:00:17]} 42. Rb7+ {[%clk 00:35:58]} {[%emt
00:00:24]} Kf8 {[%clk 00:32:35]} {[%emt 00:00:02]} 43. Kg5 {[%clk 00:32:01]}
{[%emt 00:04:27]} c3 {[%clk 00:32:18]} {[%emt 00:00:48]} 44. Kg6 {[%clk
00:30:43]} {[%emt 00:01:48]} Rc6+ {[%clk 00:23:29]} {[%emt 00:09:19]} 45. f6
{[%clk 00:30:58]} {[%emt 00:00:14]} Rc8 {[%clk 00:23:58]} {[%emt 00:00:01]} 46.
Rh7 {[%clk 00:30:39]} {[%emt 00:00:49]} Ke8 {[%clk 00:24:25]} {[%emt 00:00:04]}
47. Rh8+ {[%clk 00:30:48]} {[%emt 00:00:20]} Kd7 {[%clk 00:24:50]} {[%emt
00:00:05]} 48. Rxc8 {[%clk 00:31:11]} {[%emt 00:00:07]} Kxc8 {[%clk 00:25:16]}
{[%emt 00:00:04]} 49. f7 {[%clk 00:31:35]} {[%emt 00:00:05]} 1-0

[Event "Top 12 2021"]
[Site "Chalons en Champagne, France"]
[Date "2021.07.03"]
[Round "10.16"]
[White "BROLY, Mathilde ASN"]
[Black "Afraoui, Solenn VIL"]
[Result "1-0"]
[WhiteElo "2150"]
[BlackElo "1889"]

1. e4 {[%clk 01:30:54]} {[%emt 00:00:05]} c5 {[%clk 01:30:51]} {[%emt
00:00:10]} 2. Nf3 {[%clk 01:31:11]} {[%emt 00:00:13]} d6 {[%clk 01:31:13]}
{[%emt 00:00:08]} 3. d4 {[%clk 01:30:32]} {[%emt 00:01:09]} cxd4 {[%clk
01:31:34]} {[%emt 00:00:10]} 4. Nxd4 {[%clk 01:30:54]} {[%emt 00:00:08]} Nf6
{[%clk 01:31:49]} {[%emt 00:00:15]} 5. Nc3 {[%clk 01:30:56]} {[%emt 00:00:28]}
a6 {[%clk 01:32:08]} {[%emt 00:00:10]} 6. Bc4 {[%clk 01:30:22]} {[%emt
00:01:05]} e6 {[%clk 01:31:15]} {[%emt 00:01:23]} 7. Bb3 {[%clk 01:27:53]}
{[%emt 00:02:59]} b5 {[%clk 01:28:59]} {[%emt 00:02:46]} 8. O-O {[%clk
01:27:59]} {[%emt 00:00:24]} Bb7 {[%clk 01:28:50]} {[%emt 00:00:39]} 9. Bxe6
{[%clk 00:59:24]} {[%emt 00:29:05]} fxe6 {[%clk 01:23:59]} {[%emt 00:05:21]} 10.
Nxe6 {[%clk 00:59:38]} {[%emt 00:00:17]} Qd7 {[%clk 01:05:36]} {[%emt
00:18:53]} 11. Nd5 {[%clk 00:58:59]} {[%emt 00:01:09]} Bxd5 {[%clk 01:04:41]}
{[%emt 00:01:25]} 12. exd5 {[%clk 00:59:18]} {[%emt 00:00:11]} Kf7 {[%clk
00:59:22]} {[%emt 00:05:49]} 13. Bg5 {[%clk 00:56:03]} {[%emt 00:03:45]} Be7
{[%clk 00:51:03]} {[%emt 00:08:48]} 14. Qf3 {[%clk 00:48:32]} {[%emt 00:08:00]}
Rc8 {[%clk 00:33:37]} {[%emt 00:17:57]} 15. Rae1 {[%clk 00:44:52]} {[%emt
00:04:10]} a5 {[%clk 00:23:16]} {[%emt 00:10:51]} 16. Re3 {[%clk 00:31:08]}
{[%emt 00:14:14]} Na6 {[%clk 00:09:42]} {[%emt 00:14:05]} 17. Qf5 {[%clk
00:19:51]} {[%emt 00:11:47]} Kg8 {[%clk 00:01:41]} {[%emt 00:08:30]} 18. Nxg7
{[%clk 00:06:43]} {[%emt 00:13:38]} Qxf5 {[%clk 00:02:07]} {[%emt 00:00:04]} 19.
Nxf5 {[%clk 00:07:07]} {[%emt 00:00:06]} Bd8 {[%clk 00:02:26]} {[%emt
00:00:11]} 20. Bh6 {[%clk 00:06:35]} {[%emt 00:01:02]} Nh5 {[%clk 00:01:14]}
{[%emt 00:01:42]} 21. Re8+ {[%clk 00:06:15]} {[%emt 00:00:49]} Kf7 {[%clk
00:01:38]} {[%emt 00:00:07]} 22. Nxd6+ {[%clk 00:06:39]} {[%emt 00:00:06]} Kg6
{[%clk 00:01:28]} {[%emt 00:00:40]} 23. Re6+ {[%clk 00:03:33]} {[%emt
00:03:36]} Nf6 {[%clk 00:01:48]} {[%emt 00:00:10]} 24. Nxc8 {[%clk 00:03:18]}
{[%emt 00:00:45]} Rxc8 {[%clk 00:02:04]} {[%emt 00:00:14]} 25. Rxa6 {[%clk
00:03:26]} {[%emt 00:00:21]} Kxh6 {[%clk 00:02:31]} {[%emt 00:00:05]} 26. Rc6
{[%clk 00:03:34]} {[%emt 00:00:21]} Rb8 {[%clk 00:01:46]} {[%emt 00:01:14]} 27.
Rd1 {[%clk 00:03:09]} {[%emt 00:00:55]} Kg7 {[%clk 00:01:56]} {[%emt 00:00:20]}
28. g3 {[%clk 00:03:17]} {[%emt 00:00:23]} Ne4 {[%clk 00:01:26]} {[%emt
00:01:00]} 29. f3 {[%clk 00:02:28]} {[%emt 00:01:19]} Ng5 {[%clk 00:01:00]}
{[%emt 00:00:55]} 30. Kg2 {[%clk 00:02:52]} {[%emt 00:00:07]} Bf6 {[%clk
00:00:59]} {[%emt 00:00:30]} 31. b3 {[%clk 00:02:32]} {[%emt 00:00:51]} Re8
{[%clk 00:01:19]} {[%emt 00:00:10]} 32. Rd2 {[%clk 00:02:13]} {[%emt 00:00:48]}
Re3 {[%clk 00:01:18]} {[%emt 00:00:31]} 33. Rf2 {[%clk 00:01:48]} {[%emt
00:00:56]} Re1 {[%clk 00:01:15]} {[%emt 00:00:34]} 34. h4 {[%clk 00:01:55]}
{[%emt 00:00:23]} Nf7 {[%clk 00:01:03]} {[%emt 00:00:41]} 35. f4 {[%clk
00:01:31]} {[%emt 00:00:54]} Bd4 {[%clk 00:01:00]} {[%emt 00:00:33]} 36. Rd2
{[%clk 00:01:49]} {[%emt 00:00:11]} Be3 {[%clk 00:00:57]} {[%emt 00:00:33]} 37.
Rd3 {[%clk 00:02:14]} {[%emt 00:00:05]} Ba7 {[%clk 00:00:59]} {[%emt 00:00:28]}
38. d6 {[%clk 00:02:04]} {[%emt 00:00:41]} Rg1+ {[%clk 00:01:14]} {[%emt
00:00:14]} 39. Kf3 {[%clk 00:02:26]} {[%emt 00:00:08]} Rf1+ {[%clk 00:01:21]}
{[%emt 00:00:23]} 40. Ke4 {[%clk 00:32:48]} {[%emt 00:00:07]} Re1+ {[%clk
00:30:57]} {[%emt 00:00:54]} 41. Kd5 {[%clk 00:29:05]} {[%emt 00:04:13]} Bf2
{[%clk 00:30:29]} {[%emt 00:00:57]} 42. Rc8 {[%clk 00:21:35]} {[%emt 00:08:00]}
Kf6 {[%clk 00:29:23]} {[%emt 00:01:37]} 43. Kc6 {[%clk 00:20:59]} {[%emt
00:01:06]} Re6 {[%clk 00:26:14]} {[%emt 00:03:40]} 44. h5 {[%clk 00:17:50]}
{[%emt 00:03:39]} b4 {[%clk 00:25:19]} {[%emt 00:01:24]} 45. g4 {[%clk
00:16:32]} {[%emt 00:01:48]} h6 {[%clk 00:23:36]} {[%emt 00:02:14]} 46. Rg8
{[%clk 00:14:54]} {[%emt 00:02:07]} 1-0

[Event "Top 12 2021"]
[Site "Chalons en Champagne, France"]
[Date "2021.07.03"]
[Round "10.17"]
[White "Apicella, Manuel GRA"]
[Black "Bluebaum, Matthias MUL"]
[Result "0-1"]
[WhiteElo "2506"]
[BlackElo "2669"]

1. e4 {[%clk 01:30:43]} {[%emt 00:00:16]} c6 {[%clk 01:30:47]} {[%emt
00:00:13]} 2. d4 {[%clk 01:30:59]} {[%emt 00:00:14]} d5 {[%clk 01:31:12]}
{[%emt 00:00:05]} 3. Nc3 {[%clk 01:31:14]} {[%emt 00:00:15]} dxe4 {[%clk
01:31:36]} {[%emt 00:00:07]} 4. Nxe4 {[%clk 01:31:39]} {[%emt 00:00:05]} Nf6
{[%clk 01:31:57]} {[%emt 00:00:08]} 5. Nxf6+ {[%clk 01:31:25]} {[%emt
00:00:44]} exf6 {[%clk 01:32:22]} {[%emt 00:00:06]} 6. c3 {[%clk 01:30:27]}
{[%emt 00:01:28]} Bd6 {[%clk 01:32:33]} {[%emt 00:00:19]} 7. Nf3 {[%clk
01:28:21]} {[%emt 00:02:36]} O-O {[%clk 01:32:25]} {[%emt 00:00:38]} 8. Be2
{[%clk 01:28:29]} {[%emt 00:00:22]} Re8 {[%clk 01:30:00]} {[%emt 00:02:55]} 9.
O-O {[%clk 01:26:48]} {[%emt 00:02:09]} Nd7 {[%clk 01:30:27]} {[%emt 00:00:04]}
10. Re1 {[%clk 01:24:32]} {[%emt 00:02:46]} Nf8 {[%clk 01:30:31]} {[%emt
00:00:27]} 11. h3 {[%clk 01:23:00]} {[%emt 00:02:02]} Be6 {[%clk 01:28:52]}
{[%emt 00:02:10]} 12. Be3 {[%clk 01:19:04]} {[%emt 00:04:25]} Ng6 {[%clk
01:25:52]} {[%emt 00:03:30]} 13. Qc2 {[%clk 01:15:08]} {[%emt 00:04:26]} Qd7
{[%clk 01:23:08]} {[%emt 00:03:15]} 14. Bf1 {[%clk 01:12:52]} {[%emt 00:02:45]}
Rad8 {[%clk 01:18:54]} {[%emt 00:04:44]} 15. Rad1 {[%clk 01:09:39]} {[%emt
00:03:43]} Bb8 {[%clk 01:17:40]} {[%emt 00:01:46]} 16. c4 {[%clk 01:08:47]}
{[%emt 00:01:22]} Qc7 {[%clk 01:15:11]} {[%emt 00:02:59]} 17. Bd3 {[%clk
01:05:42]} Qc8 {[%clk 01:15:11]} 18. Bc1 {[%clk 01:05:42]} Bxh3 {[%clk
01:15:11]} 19. gxh3 {[%clk 01:05:42]} Qxh3 {[%clk 00:59:31]} {[%emt 00:34:49]}
20. Bxg6 {[%clk 00:51:04]} hxg6 {[%clk 00:59:31]} 21. Rxe8+ {[%clk 00:51:04]}
Rxe8 {[%clk 00:59:31]} 22. Re1 {[%clk 00:51:04]} Bh2+ {[%clk 00:59:31]} 23. Kh1
{[%clk 00:51:04]} Qxf3+ {[%clk 00:59:31]} 0-1

[Event "Top 12 2021"]
[Site "Chalons en Champagne, France"]
[Date "2021.07.03"]
[Round "10.18"]
[White "Heimann, Andreas MUL"]
[Black "Travadon, Loic GRA"]
[Result "0-1"]
[WhiteElo "2599"]
[BlackElo "2415"]

1. c4 {[%clk 01:30:55]} {[%emt 00:00:04]} e6 {[%clk 01:30:41]} {[%emt
00:00:20]} 2. g3 {[%clk 01:31:15]} {[%emt 00:00:11]} d5 {[%clk 01:29:04]}
{[%emt 00:02:07]} 3. Bg2 {[%clk 01:31:40]} {[%emt 00:00:04]} c6 {[%clk
01:28:37]} {[%emt 00:00:57]} 4. Nf3 {[%clk 01:21:34]} {[%emt 00:10:37]} Nf6
{[%clk 01:27:17]} {[%emt 00:01:50]} 5. b3 {[%clk 01:20:41]} {[%emt 00:01:23]}
a5 {[%clk 01:26:39]} {[%emt 00:01:07]} 6. O-O {[%clk 01:19:19]} {[%emt
00:01:51]} a4 {[%clk 01:25:46]} {[%emt 00:01:24]} 7. d4 {[%clk 01:15:06]}
{[%emt 00:04:43]} axb3 {[%clk 01:25:59]} {[%emt 00:00:17]} 8. Qxb3 {[%clk
01:15:30]} {[%emt 00:00:06]} Be7 {[%clk 01:25:50]} {[%emt 00:00:39]} 9. Nbd2
{[%clk 01:07:27]} {[%emt 00:08:32]} O-O {[%clk 01:26:02]} {[%emt 00:00:18]} 10.
Bb2 {[%clk 01:07:55]} {[%emt 00:00:02]} Nbd7 {[%clk 01:26:08]} {[%emt
00:00:24]} 11. a4 {[%clk 01:08:10]} {[%emt 00:00:16]} Qb6 {[%clk 01:25:52]}
{[%emt 00:00:46]} 12. Qc2 {[%clk 01:08:16]} {[%emt 00:00:24]} Qa6 {[%clk
01:24:06]} {[%emt 00:02:15]} 13. Rfc1 {[%clk 01:07:19]} {[%emt 00:01:27]} b6
{[%clk 01:20:22]} {[%emt 00:04:14]} 14. Bf1 {[%clk 00:36:21]} {[%emt 00:31:28]}
Qa7 {[%clk 01:20:05]} {[%emt 00:00:48]} 15. cxd5 {[%clk 00:35:06]} {[%emt
00:01:46]} cxd5 {[%clk 01:20:26]} {[%emt 00:00:08]} 16. e3 {[%clk 00:35:34]}
{[%emt 00:00:02]} Ba6 {[%clk 01:19:54]} {[%emt 00:01:02]} 17. Bb5 {[%clk
00:35:55]} {[%emt 00:00:10]} Rfc8 {[%clk 01:19:45]} {[%emt 00:00:39]} 18. Qd3
{[%clk 00:36:21]} {[%emt 00:00:04]} Rxc1+ {[%clk 01:17:33]} {[%emt 00:02:42]}
19. Rxc1 {[%clk 00:36:40]} {[%emt 00:00:11]} g6 {[%clk 01:15:11]} {[%emt
00:02:52]} 20. Kg2 {[%clk 00:29:02]} {[%emt 00:08:08]} Qb7 {[%clk 01:13:33]}
{[%emt 00:02:07]} 21. Qb3 {[%clk 00:28:01]} {[%emt 00:01:30]} Bxb5 {[%clk
01:13:58]} {[%emt 00:00:06]} 22. axb5 {[%clk 00:28:29]} {[%emt 00:00:02]} Ne8
{[%clk 01:12:52]} {[%emt 00:01:36]} 23. Nb1 {[%clk 00:25:28]} {[%emt 00:03:31]}
Bf8 {[%clk 01:10:49]} {[%emt 00:02:33]} 24. Ba3 {[%clk 00:17:24]} {[%emt
00:08:34]} Bxa3 {[%clk 01:11:03]} {[%emt 00:00:17]} 25. Nxa3 {[%clk 00:17:51]}
{[%emt 00:00:03]} Qa7 {[%clk 01:11:05]} {[%emt 00:00:27]} 26. Nb1 {[%clk
00:15:12]} {[%emt 00:03:10]} Nd6 {[%clk 01:09:36]} 27. Qb4 {[%clk 00:11:28]}
{[%emt 00:06:13]} Ne4 {[%clk 01:09:23]} {[%emt 00:00:44]} 28. Nbd2 {[%clk
00:11:51]} {[%emt 00:00:08]} Ndf6 {[%clk 01:09:21]} {[%emt 00:00:32]} 29. Nxe4
{[%clk 00:11:27]} {[%emt 00:00:53]} Nxe4 {[%clk 01:09:44]} {[%emt 00:00:08]} 30.
Rc2 {[%clk 00:06:54]} {[%emt 00:05:03]} Qa1 {[%clk 01:07:42]} {[%emt 00:02:32]}
31. Qb2 {[%clk 00:04:31]} {[%emt 00:02:53]} Qxb2 {[%clk 01:02:19]} {[%emt
00:05:53]} 32. Rxb2 {[%clk 00:04:59]} {[%emt 00:00:01]} f6 {[%clk 01:02:12]}
{[%emt 00:00:38]} 33. Nd2 {[%clk 00:05:17]} {[%emt 00:00:12]} Nd6 {[%clk
00:58:34]} 34. Rc2 {[%clk 00:01:30]} {[%emt 00:08:25]} Nxb5 {[%clk 00:58:59]}
35. Rc6 {[%emt 00:00:09]} Ra2 36. Nf3 Kf7 37. Ne1 {[%clk 00:01:57]} g5 {[%clk
00:57:42]} {[%emt 00:03:26]} 38. Rxb6 {[%clk 00:01:58]} {[%emt 00:00:50]} Nc3
{[%clk 00:58:10]} {[%emt 00:00:02]} 39. Rc6 {[%clk 00:02:22]} {[%emt 00:00:06]}
Ne4 {[%clk 00:58:03]} {[%emt 00:00:37]} 40. Rc2 {[%clk 00:32:47]} {[%emt
00:00:05]} Ra1 {[%clk 01:28:01]} {[%emt 00:00:31]} 41. Nf3 {[%clk 00:33:12]}
{[%emt 00:00:06]} g4 {[%clk 01:27:58]} {[%emt 00:00:33]} 42. Nd2 {[%clk
00:33:38]} {[%emt 00:00:03]} Ng5 {[%clk 01:28:22]} {[%emt 00:00:07]} 43. Nb3
{[%clk 00:12:27]} {[%emt 00:21:41]} Rb1 {[%clk 01:28:36]} {[%emt 00:00:15]} 44.
Nc1 {[%clk 00:12:52]} {[%emt 00:00:06]} Nf3 {[%clk 01:28:57]} {[%emt 00:00:10]}
45. Rc7+ {[%clk 00:13:17]} {[%emt 00:00:04]} Kg6 {[%clk 01:29:23]} {[%emt
00:00:04]} 46. h3 {[%clk 00:13:43]} {[%emt 00:00:04]} Ne1+ {[%clk 01:29:28]}
{[%emt 00:00:25]} 47. Kh2 {[%clk 00:14:07]} {[%emt 00:00:06]} h5 {[%clk
01:29:43]} {[%emt 00:00:15]} 48. hxg4 {[%clk 00:14:11]} {[%emt 00:00:26]} hxg4
{[%clk 01:30:11]} {[%emt 00:00:02]} 49. Rc3 {[%clk 00:14:29]} {[%emt 00:00:12]}
Kf5 {[%clk 01:29:30]} {[%emt 00:01:12]} 50. Ne2 {[%clk 00:05:59]} {[%emt
00:08:59]} Nf3+ {[%clk 01:29:42]} {[%emt 00:00:18]} 51. Kg2 {[%clk 00:06:27]}
{[%emt 00:00:03]} Re1 {[%clk 01:30:01]} {[%emt 00:00:10]} 52. Rc2 {[%clk
00:06:55]} {[%emt 00:00:03]} Ke4 {[%clk 01:29:51]} {[%emt 00:00:39]} 53. Rb2
{[%clk 00:07:19]} {[%emt 00:00:06]} Kd3 {[%clk 01:30:00]} {[%emt 00:00:22]} 0-1